[Event "La Palma Island op"]
[Site "Santa Cruz de La Palma"]
[Date "2022.08.11"]
[Round "8"]
[White "Martinez Reyes, Pedro Ramon"]
[Black "Carraminana Lopez, Luis Antonio"]
[Result "1-0"]
[WhiteElo "2408"]
[BlackElo "1910"]
[PlyCount "97"]
[EventDate "2022.08.06"]
[EventType "swiss"]
[EventRounds "9"]
[EventCountry "ESP"]
[SourceTitle "CBM 209 Extra"]
[Source "ChessBase"]
[SourceDate "2022.09.30"]
[SourceVersion "1"]
[SourceVersionDate "2022.09.30"]
[SourceQuality "1"]

1. e4 e5 2. Nf3 Nc6 3. Nc3 Nf6 4. Be2 Be7 5. d4 exd4 6. Nxd4 0-0 7. 0-0 d6 8. Bf4 Ne5 9. Qd2 Re8 10. Rfe1 Bf8 11. Bf1 c6 12. Rad1 Qb6 13. b3 Bd7 14. Bg5 Be7 15. Be3 Qc7 16. h3 Ng6 17. Nf5 Bxf5 18. exf5 Ne5 19. Bd4 Rad8 20. a4 a6 21. Qf4 Bf8 22. Qg3 Ned7 23. Bd3 Qb8 24. Ne2 d5 25. Qh4 Bc5 26. Bb2 Qa7 27. Nd4 Rxe1+ 28. Rxe1 Re8 29. Rxe8+ Nxe8 30. f6 Nexf6 31. Nf5 Bf8 32. Qg5 Kh8 33. Qf4 Qb8 34. Qh4 Qe8 35. Kf1 Qe6 36. g4 Ne5 37. Be2 Ng6 38. Qg3 Ne4 39. Qb8 Nd2+ 40. Ke1 Nf3+ 41. Kd1 Nfe5 42. Qxb7 Nf4 43. Qb8 Neg6 44. Bxg7+ Kg8 45. Bf3 Nh5 46. Bd4 Nf6 47. Qd8 Ne5 48. Be2 c5 49. Bxc5 1-0

[Event "Aragon-chT Preferente B"]
[Site "Aragon"]
[Date "2017.02.18"]
[Round "4.60"]
[White "Garcia Valer, Jesus Victoriano"]
[Black "Carraminana Lopez, Luis Antonio"]
[Result "1-0"]
[WhiteElo "1891"]
[BlackElo "1935"]
[PlyCount "95"]
[EventDate "2017.01.28"]
[EventType "team-tourn"]
[EventRounds "9"]
[EventCountry "ESP"]
[SourceTitle "EXT 2018"]
[Source "ChessBase"]
[SourceDate "2017.10.13"]
[SourceVersion "1"]
[SourceVersionDate "2017.10.13"]
[SourceQuality "1"]
[WhiteTeam "Agrupacion II"]
[BlackTeam "Caissa Hermanos Cortes"]
[WhiteTeamCountry "ESP"]
[BlackTeamCountry "ESP"]

1. e4 d6 2. d4 Nf6 3. Nc3 Nbd7 4. f4 e5 5. Nf3 exd4 6. Qxd4 c6 7. Be3 d5 8. exd5 Bc5 9. Qd3 Qe7 10. Kd2 Bxe3+ 11. Qxe3 Qxe3+ 12. Kxe3 cxd5 13. Bb5 0-0 14. Rhe1 Nc5 15. Bd3 Bd7 16. Kd2 Rad8 17. Rad1 Nfe4+ 18. Kc1 Nxc3 19. bxc3 Bg4 20. h3 Bxf3 21. gxf3 Rfe8 22. Kd2 h6 23. Rg1 Re7 24. Rg2 f6 25. Rdg1 Kf8 26. Rb1 d4 27. c4 Re3 28. Rf2 b6 29. Re1 Rxe1 30. Kxe1 Re8+ 31. Re2 Rxe2+ 32. Kxe2 Ke7 33. f5 Kd6 34. f4 a5 35. Kf3 Na4 36. Ke4 Kc5 37. Kf3 Nc3 38. Kg4 Nxa2 39. Kh5 Nc3 40. Kg6 a4 41. Kxg7 a3 42. Kxf6 a2 43. Kg7 a1Q 44. f6 Qg1+ 45. Bg6 d3 46. f7 Qd4+ 47. Kg8 Qd5 48. cxd5 1-0

[Event "Aragon-chT Honor GrB"]
[Site "Aragon"]
[Date "2015.02.21"]
[Round "5.32"]
[White "Castillo Sanjuan, Daniel"]
[Black "Carraminana Lopez, Luis Antonio"]
[Result "0-1"]
[WhiteElo "1998"]
[BlackElo "1968"]
[PlyCount "74"]
[EventDate "2015.01.24"]
[EventType "team-tourn"]
[EventRounds "7"]
[EventCountry "ESP"]
[SourceTitle "EXT 2017"]
[Source "ChessBase"]
[SourceDate "2016.10.25"]
[SourceVersion "1"]
[SourceVersionDate "2016.10.25"]
[SourceQuality "1"]
[WhiteTeam "IberCaja"]
[BlackTeam "Caissa"]
[WhiteTeamCountry "ESP"]
[BlackTeamCountry "ESP"]

1. e4 c6 2. d4 d5 3. Nc3 dxe4 4. Nxe4 Bf5 5. Ng3 Bg6 6. f4 e6 7. Nf3 Bd6 8. Bd3 Ne7 9. c3 c5 10. Qa4+ Nbc6 11. Bxg6 hxg6 12. Ne4 cxd4 13. Nxd4 a6 14. Nxc6 Nxc6 15. Be3 Be7 16. 0-0 0-0 17. Rad1 Qc7 18. Ng5 Rad8 19. Rde1 Rd5 20. Qe4 Qd7 21. b4 Rd8 22. Rf3 Bxg5 23. fxg5 Rd1 24. Rxd1 Qxd1+ 25. Rf1 Qd3 26. Qf3 Rd7 27. Bc5 Qxf3 28. Rxf3 b5 29. h4 Ne5 30. Re3 Nd3 31. Bd4 Nxb4 32. Bxg7 Nd5 33. Bd4 Nxe3 34. Bxe3 Rd3 35. Bd4 b4 36. Kf2 bxc3 37. Bf6 c2 0-1

[Event "Zaragoza Otono op 1st"]
[Site "Zaragoza"]
[Date "2013.10.27"]
[Round "1"]
[White "Requena Briones, Rafael Mariano"]
[Black "Carraminana Lopez, Luis Antonio"]
[Result "0-1"]
[WhiteElo "1688"]
[BlackElo "2007"]
[PlyCount "110"]
[EventDate "2013.10.27"]
[EventType "swiss"]
[EventRounds "6"]
[EventCountry "ESP"]
[SourceTitle "EXT 2015"]
[Source "ChessBase"]
[SourceDate "2014.11.20"]
[SourceVersion "1"]
[SourceVersionDate "2014.11.20"]
[SourceQuality "1"]

1. e4 c5 2. f4 g6 3. Nf3 Bg7 4. Bc4 e6 5. 0-0 Ne7 6. c3 0-0 7. d4 cxd4 8. cxd4 d5 9. exd5 Nxd5 10. Nc3 Nxc3 11. bxc3 Qa5 12. Qb3 Nc6 13. Ne5 Qc7 14. Nxc6 bxc6 15. Be3 Bd7 16. Rad1 Qa5 17. Qc2 Bc8 18. Bb3 Ba6 19. Rfe1 Rfd8 20. Rd2 c5 21. dxc5 Rxd2 22. Bxd2 Qxc5+ 23. Be3 Qxc3 24. Qd1 Bb7 25. Qe2 Bd4 26. Bxd4 Qxd4+ 27. Kh1 Qxf4 28. Rf1 Qe4 29. Qf2 Rf8 30. Re1 Qc6 31. Qd2 Rc8 32. h3 Qc3 33. Qf2 Qxh3+ 34. Kg1 Qg4 35. Rf1 Rc7 36. Qd2 Rd7 37. Qf2 Qd4 38. Qxd4 Rxd4 39. Rf2 Bd5 40. Rb2 Bxb3 41. axb3 Rf4 42. g3 Rf5 43. Kg2 h5 44. Rc2 Kg7 45. b4 Kf6 46. Rc7 a5 47. bxa5 Rxa5 48. Kh3 Rf5 49. Rc3 e5 50. Rc6+ Ke7 51. Kh4 e4 52. Rc4 Re5 53. Rc7+ Kd6 54. Rc1 e3 55. Re1 e2 0-1

[Event "Aragon-chT Honor GrB "]
[Site "Aragon"]
[Date "2012.03.17"]
[Round "7.18"]
[White "Garza Marco, Sergio"]
[Black "Carraminana Lopez, Luis Antonio"]
[Result "1-0"]
[WhiteElo "2394"]
[BlackElo "2047"]
[PlyCount "63"]
[EventDate "2012.02.04"]
[EventType "team-tourn"]
[EventRounds "7"]
[EventCountry "ESP"]
[SourceTitle "EXT 2014"]
[Source "ChessBase"]
[SourceDate "2013.11.20"]
[SourceVersion "1"]
[SourceVersionDate "2013.11.20"]
[SourceQuality "1"]
[WhiteTeam "Jaime Casas"]
[BlackTeam "Caissa"]
[WhiteTeamCountry "ESP"]
[BlackTeamCountry "ESP"]

1. d4 Nf6 2. c4 c5 3. d5 b5 4. cxb5 a6 5. bxa6 g6 6. Nc3 Bxa6 7. g3 d6 8. Bg2 Bg7 9. Nf3 Nbd7 10. Rb1 Qa5 11. Bd2 0-0 12. 0-0 Rfb8 13. Qc2 Qc7 14. b3 Nb6 15. Nh4 Qb7 16. Rfd1 Ne8 17. a4 Nc7 18. e4 Nd7 19. Na2 Ne5 20. Bc3 Qa7 21. Nf3 f6 22. Nxe5 fxe5 23. Bd2 Be2 24. Re1 Qa6 25. Nc1 Bg4 26. Nd3 Bd7 27. Nb2 Rb7 28. Nc4 Rab8 29. Na5 Rb6 30. b4 Qc8 31. b5 e6 32. Nc4 1-0

[Event "Aragon-chT Honor Descenso"]
[Site "Spain"]
[Date "2011.04.02"]
[Round "9.2"]
[White "Carraminana Lopez, Luis Antonio"]
[Black "Juberias Segura, Santiago"]
[Result "1-0"]
[WhiteElo "2067"]
[BlackElo "2055"]
[PlyCount "65"]
[EventDate "2011.03.26"]
[EventType "team-tourn"]
[EventRounds "11"]
[EventCountry "ESP"]
[SourceTitle "EXT 2013"]
[Source "ChessBase"]
[SourceDate "2012.11.22"]
[SourceVersion "1"]
[SourceVersionDate "2012.11.22"]
[SourceQuality "1"]
[WhiteTeam "Caissa"]
[BlackTeam "St Casablanca II"]
[WhiteTeamCountry "ESP"]
[BlackTeamCountry "ESP"]

1. e4 c5 2. Nf3 d6 3. Bb5+ Nd7 4. 0-0 Ngf6 5. Re1 e5 6. c3 a6 7. Bf1 Be7 8. d4 h6 9. Nbd2 Qc7 10. a4 0-0 11. Nc4 b6 12. d5 Rb8 13. Ne3 g6 14. Qc2 b5 15. axb5 axb5 16. b4 Kg7 17. g3 cxb4 18. cxb4 Qxc2 19. Nxc2 Nb6 20. Na3 Bd7 21. Bd2 Rfc8 22. Nxb5 Nc4 23. Na7 Nxd2 24. Nxd2 Rc2 25. Nc6 Bxc6 26. dxc6 Rxb4 27. Rec1 Rxd2 28. c7 Rbb2 29. c8Q Rxf2 30. Ra8 g5 31. Rc7 Rf3 32. Rxe7 Nd7 33. Qg8+ 1-0

[Event "Aragon-chT Honor II"]
[Site "Spain"]
[Date "2011.03.12"]
[Round "6.19"]
[White "Naya Sancho, Jose Ignacio"]
[Black "Carraminana Lopez, Luis Antonio"]
[Result "1-0"]
[WhiteElo "2124"]
[BlackElo "2067"]
[PlyCount "33"]
[EventDate "2011.02.05"]
[EventType "team-tourn"]
[EventRounds "7"]
[EventCountry "ESP"]
[SourceTitle "EXT 2013"]
[Source "ChessBase"]
[SourceDate "2012.11.22"]
[SourceVersion "1"]
[SourceVersionDate "2012.11.22"]
[SourceQuality "1"]
[WhiteTeam "Delicias"]
[BlackTeam "Caissa"]
[WhiteTeamCountry "ESP"]
[BlackTeamCountry "ESP"]

1. d4 Nf6 2. c4 c5 3. e3 g6 4. Nc3 Bg7 5. Nf3 0-0 6. Be2 d5 7. 0-0 Nc6 8. dxc5 dxc4 9. Qxd8 Rxd8 10. Bxc4 Bf5 11. Ng5 Ne5 12. Bb3 h6 13. e4 Bg4 14. f4 hxg5 15. fxe5 Nd7 16. Bxf7+ Kh7 17. h3 1-0

[Event "Aragon-chT Honor II"]
[Site "Spain"]
[Date "2011.02.19"]
[Round "3.28"]
[White "Carraminana Lopez, Luis Antonio"]
[Black "Felez Casedas, Carlos"]
[Result "1/2-1/2"]
[WhiteElo "2067"]
[BlackElo "2042"]
[PlyCount "30"]
[EventDate "2011.02.05"]
[EventType "team-tourn"]
[EventRounds "7"]
[EventCountry "ESP"]
[SourceTitle "EXT 2013"]
[Source "ChessBase"]
[SourceDate "2012.11.22"]
[SourceVersion "1"]
[SourceVersionDate "2012.11.22"]
[SourceQuality "1"]
[WhiteTeam "Caissa"]
[BlackTeam "La Aurora Estadilla"]
[WhiteTeamCountry "ESP"]
[BlackTeamCountry "ESP"]

1. e4 d5 2. exd5 Qxd5 3. Nc3 Qa5 4. d4 Nf6 5. Bd2 c6 6. Bc4 Bf5 7. Nf3 e6 8. Qe2 Bb4 9. 0-0-0 0-0 10. a3 Bxc3 11. Bxc3 Qc7 12. Ne5 b5 13. Bd3 Bxd3 14. Rxd3 Nbd7 15. Bb4 Nd5 1/2-1/2

[Event "Aragon-chT Preferente"]
[Site "Spain"]
[Date "2010.02.06"]
[Round "3.40"]
[White "Carraminana Lopez, Luis Antonio"]
[Black "Larrosa Moles, Marcos"]
[Result "1-0"]
[WhiteElo "1986"]
[BlackElo "1874"]
[PlyCount "69"]
[EventDate "2010.01.23"]
[EventType "team-swiss"]
[EventRounds "12"]
[EventCountry "ESP"]
[SourceTitle "EXT 2013"]
[Source "ChessBase"]
[SourceDate "2012.11.22"]
[SourceVersion "1"]
[SourceVersionDate "2012.11.22"]
[SourceQuality "1"]
[WhiteTeam "Caissa Hermanos Cortes"]
[BlackTeam "Agrupacion II"]
[WhiteTeamCountry "ESP"]
[BlackTeamCountry "ESP"]

1. e4 c5 2. Nf3 e6 3. c4 Nc6 4. Nc3 g6 5. d4 cxd4 6. Nxd4 d6 7. Be3 a6 8. Nxc6 bxc6 9. c5 d5 10. Bd4 Nf6 11. exd5 exd5 12. Qe2+ Be6 13. f4 Be7 14. f5 gxf5 15. g4 fxg4 16. 0-0-0 Rg8 17. Qf2 Nd7 18. Bd3 Bf6 19. Bxh7 Rh8 20. Bd3 Bxd4 21. Qxd4 Qf6 22. Qa4 Nb8 23. Rhe1 Kd7 24. Ne2 Rh4 25. Ng3 a5 26. Re2 Qe7 27. Qd4 Qg5+ 28. Kb1 Kc7 29. Nf5 Bxf5 30. Qe5+ Kb7 31. Bxf5 Rh5 32. Qe7+ Qxe7 33. Rxe7+ Nd7 34. Rxd7+ Kb8 35. Re1 1-0

[Event "Aragon-chT"]
[Site "Aragon"]
[Date "2009.02.21"]
[Round "4"]
[White "Carraminana Lopez, Luis Antonio"]
[Black "Pellicer Coloma, Pedro"]
[Result "1-0"]
[WhiteElo "1961"]
[BlackElo "2016"]
[PlyCount "49"]
[EventDate "2009.01.24"]
[EventType "team-swiss"]
[EventRounds "9"]
[EventCountry "ESP"]
[SourceTitle "EXT 2011"]
[Source "ChessBase"]
[SourceDate "2010.11.26"]
[SourceVersion "1"]
[SourceVersionDate "2010.11.26"]
[SourceQuality "1"]

1. e4 c5 2. Nf3 Nc6 3. Bb5 d6 4. Bxc6+ bxc6 5. 0-0 g6 6. d4 cxd4 7. Qxd4 e5 8. Qd3 Bb7 9. c4 Qc7 10. c5 d5 11. exd5 cxd5 12. Nxe5 f6 13. Qb5+ Kd8 14. c6 fxe5 15. Qxd5+ Qd6 16. Qa5+ Kc8 17. cxb7+ Kxb7 18. Be3 a6 19. Na3 Ne7 20. Rfd1 Qe6 21. Rd7+ Qxd7 22. Qb6+ Kc8 23. Rc1+ Nc6 24. Rxc6+ Qxc6 25. Qxc6+ 1-0

[Event "Aragon-chT"]
[Site "Aragon"]
[Date "2009.02.07"]
[Round "3"]
[White "Sig Vargas, Pablo"]
[Black "Carraminana Lopez, Luis Antonio"]
[Result "1/2-1/2"]
[WhiteElo "1877"]
[BlackElo "1961"]
[PlyCount "86"]
[EventDate "2009.01.24"]
[EventType "team-swiss"]
[EventRounds "9"]
[EventCountry "ESP"]
[SourceTitle "EXT 2011"]
[Source "ChessBase"]
[SourceDate "2010.11.26"]
[SourceVersion "1"]
[SourceVersionDate "2010.11.26"]
[SourceQuality "1"]

1. e4 c5 2. Nc3 Nc6 3. f4 e6 4. Nf3 d5 5. Bb5 Nf6 6. Bxc6+ bxc6 7. d3 Be7 8. 0-0 0-0 9. Ne5 Qc7 10. g4 c4 11. g5 Nd7 12. Nxd7 Qxd7 13. d4 c5 14. Be3 dxe4 15. Nxe4 Bb7 16. Ng3 Qc6 17. Qe2 f6 18. h4 fxg5 19. hxg5 cxd4 20. Bxd4 e5 21. Bxe5 Bc5+ 22. Kh2 Rae8 23. Rad1 Re6 24. Nh5 Rfe8 25. Rd2 Bd6 26. Qg4 Bxe5 27. fxe5 Bc8 28. Qf4 Qc7 29. Rdf2 Qxe5 30. Kg3 Qxf4+ 31. Rxf4 Re3+ 32. R1f3 Bb7 33. Rxe3 Rxe3+ 34. Kf2 Rh3 35. Rd4 Rxh5 36. Rd8+ Kf7 37. Rd7+ Kg6 38. Rxb7 Rh2+ 39. Ke3 Rxc2 40. Kd4 c3 41. bxc3 Rxa2 42. c4 Kxg5 43. Rxg7+ Kf6 1/2-1/2